000 00705nam a2200205Ii 4500
003 JO-AjNU
008 230605s9999||||xx |||||||||||||| ||und||
040 _aJO-AjNU
_bara
_erda
_cJO-AjNU
041 _aara
050 1 4 _aN69.6.A7. H3822 1989
100 3 _aحاوي، ايليا تأليف,
_eauthor
_941969
245 0 0 _aنظرية الفن الصافي بين المبدأ و التطبيق : قضايا و مذاهب و اعلام
250 _aط1
264 3 1 _aبيروت: دار الثقافة،1989
300 _a796ص
336 _atext
_btxt
_2rdacontent
337 _aunmediated
_bn
_2rdamedia
338 _avolume
_bnc
_2rdacarrier
650 4 _aالفن - فلسفة و نظريات
_941970
999 _aA17936
_c21504
_d21504